Código dos impostos especiais de consumo /

Saved in:
Bibliographic Details
Corporate Author: Portugal.
Other Authors: Caneira, Alvaro., Fernandes, Manuel.
Format: Book
Language:Portuguese
Published: Lisboa : Vislis Editores, 2000.
Series:Fiscalidade anotações ; 2.
Subjects:
Tags: Add Tag
No Tags, Be the first to tag this record!
LEADER 01123nam a2200325 a 4500
001 008650737-0
005 20030519103911.0
008 021219s2000 po k lb 001 0 por
010 |a  2002497981 
020 |a 9725201086 
035 0 |a ocm52241362 
040 |a DLC  |c DLC  |d DLC 
043 |a e-po--- 
050 0 0 |a KKQ3627.A311999  |b P67 2000 
110 1 |a Portugal. 
245 1 0 |a Código dos impostos especiais de consumo /  |c A[l]varo Caneira, Manuel Fernandes. 
246 1 4 |a Código dos impostos especiais sobre o consumo 
246 0 |i Subtitle on cover:  |a Anotações, comentários e jurisprudência 
260 |a Lisboa :  |b Vislis Editores,  |c 2000. 
300 |a 384 p. :  |b forms ;  |c 24 cm. 
490 1 |a Fiscalidade anotações ;  |v 2 
504 |a Includes bibliographical references and index. 
650 0 |a Taxation of articles of consumption  |x Law and legislation  |z Portugal. 
650 0 |a Excise tax  |x Law and legislation  |z Portugal. 
655 7 |a Statutes and codes.  |2 lcgft 
700 1 |a Caneira, Alvaro. 
700 1 |a Fernandes, Manuel. 
830 0 |a Fiscalidade anotações ;  |v 2. 
988 |a 20020608 
906 |0 DLC